Diccionario universal de Historia y de Geografía.
Zapisane w:
| 1. autor: | |
|---|---|
| Kolejni autorzy: | , , , |
| Format: | Książka |
| Język: | hiszpański |
| Wydane: |
Madrid, España
Francisco de Paula Mellado
1846
|
| Hasła przedmiotowe: | |
| Etykiety: |
Dodaj etykietę
Nie ma etykietki, Dołącz pierwszą etykiete!
|
MARC
| LEADER | 00000nam a2200000 a 4500 | ||
|---|---|---|---|
| 001 | UCJ8823 | ||
| 003 | CL-VaPUC | ||
| 005 | 20230322173014.0 | ||
| 008 | 070124e18460612SP |||||||||||||||||spa|d | ||
| 999 | |c 324472 |d 324470 | ||
| 040 | |c Pontificia Universidad Católica de Valparaíso | ||
| 082 | 0 | 4 | |a 930.03 PAU 1846 |2 21 |
| 100 | |a Paula Mellado, Francisco de |e autor |9 518156 | ||
| 245 | 1 | 0 | |a Diccionario universal de Historia y de Geografía. |
| 260 | 0 | 3 | |a Madrid, España |b Francisco de Paula Mellado |c 1846 |
| 300 | |a 7 volúmenes. | ||
| 500 | |a Extraído del Prólogo: No nos hemos limitado a traducir el texto de Bouillet, sino que hemos tomado artículos del Dicioinario de la conversación, del Enciclopédico, del de las Fechas, de la Biografía Universal, y de todas las obras buenas de igual clase en fin, que se han escrito en Francia hasta el día | ||
| 583 | |a last modification |c 20070124 00:00:00 |k Rodrigo Vera | ||
| 650 | 0 | |a Historia universal |9 266877 | |
| 650 | 7 | |a GEOGRAFIA UNIVERSAL |2 CL-VaPUC |9 390519 | |
| 650 | 0 | |a Diccionarios |9 256200 | |
| 650 | 0 | |a Mitología |9 255719 | |
| 650 | 0 | |a Biografías |9 255210 | |
| 700 | 0 | |a Perez Comoto, J |9 518157 | |
| 700 | 0 | |a Villabrille, F. F |9 518158 | |
| 700 | 0 | |a Diez Canseco, Vicente |9 518159 | |
| 700 | 0 | |a Iturralde, C |9 518160 | |
| 942 | |c BK |2 ddc | ||
| 945 | |d 20070124 00:00:00 |a fvergara | ||
| 952 | |0 0 |1 0 |4 0 |6 930_030000000000000_PAU_1846 |7 0 |8 X |9 404676 |a FDOBUD |b FDOBUD |d 2019-11-22 |h v.1 |i 1395351 |o 930.03 PAU 1846 |p 1395351 |r 2019-11-22 |t 1 |w 2019-11-22 |y BK_X |k BUD | ||
| 952 | |0 0 |1 0 |4 0 |6 930_030000000000000_PAU_1846 |7 0 |8 X |9 404677 |a FDOBUD |b FDOBUD |d 2019-11-22 |h v.2 |i 139536K |o 930.03 PAU 1846 |p 139536K |r 2019-11-22 |t 1 |w 2019-11-22 |y BK_X |k BUD | ||
| 952 | |0 0 |1 0 |4 0 |6 930_030000000000000_PAU_1846 |7 0 |8 X |9 404678 |a FDOBUD |b FDOBUD |d 2019-11-22 |h v.3 |i 1395378 |o 930.03 PAU 1846 |p 1395378 |r 2019-11-22 |t 1 |w 2019-11-22 |y BK_X |k BUD | ||
| 952 | |0 0 |1 0 |4 0 |6 930_030000000000000_PAU_1846 |7 0 |8 X |9 404679 |a FDOBUD |b FDOBUD |d 2019-11-22 |h v.4 |i 1395386 |o 930.03 PAU 1846 |p 1395386 |r 2019-11-22 |t 1 |w 2019-11-22 |y BK_X |k BUD | ||
| 952 | |0 0 |1 0 |4 0 |6 930_030000000000000_PAU_1846 |7 0 |8 X |9 404680 |a FDOBUD |b FDOBUD |d 2019-11-22 |h v.5 |i 1395394 |o 930.03 PAU 1846 |p 1395394 |r 2019-11-22 |t 1 |w 2019-11-22 |y BK_X |k BUD | ||
| 952 | |0 0 |1 0 |4 0 |6 930_030000000000000_PAU_1846 |7 0 |8 X |9 404681 |a FDOBUD |b FDOBUD |d 2019-11-22 |h v.6 |i 1395408 |o 930.03 PAU 1846 |p 1395408 |r 2019-11-22 |t 1 |w 2019-11-22 |y BK_X |k BUD | ||
| 952 | |0 0 |1 0 |4 0 |6 930_030000000000000_PAU_1846 |7 0 |8 X |9 404682 |a FDOBUD |b FDOBUD |d 2019-11-22 |h v.7 |i 1395416 |o 930.03 PAU 1846 |p 1395416 |r 2019-11-22 |t 1 |w 2019-11-22 |y BK_X |k BUD | ||